000 01052cam a22002658i 4500
001 3827
005 20240515135602.0
020 _a9780531213087 (pbk. : alkaline paper)
040 _aDLC
_beng
_cDLC
_erda
050 0 0 _aTK6570.M6
_b2015
082 0 0 _a621.3845
100 1 _aPipe, Jim
_d1966-
245 1 0 _aYou wouldn't want to live without cell phones! /
_cwritten by Jim Pipe ; illustrated by Rory Walker ; created and designed by David Salariya.
260 _aNew York :
_bScholastic ;
_c2015
300 _a32 pages :
_bcolor illustrations : map ;
_c25 cm.
490 0 _aYou wouldn't want to live without
505 _aZ
520 _aUses humor in both text and illustrations to describe what it would be like to live without the cell phone and describes how people managed to communicate in the past.
521 _a1110
_bLexile NC
521 _aZ
_bRaz-Plus
650 0 _aCell phones
_vJuvenile literature.
700 1 _aWalker, Rory
_eillustrator
906 _a7
_bcbc
_corignew
_d1
_eecip
_f20
_gy-gencatlg
942 _2ddc
_cBK
_n0
999 _c3827
_d3827